• 首页
  • 本馆介绍
  • 公告通知
  • 最新文献
  • 馆藏检索
  • 电子资源
  • 读者导购
  • 参考咨询
  • 我的图书馆
  • 登录
  • 详细信息显示
  • 放入我的书架
  • 预约/预借图书
  • 作者相关作品
  • 分类相关作品
  • 丛书相关作品
  • 出版社相关作品

书目信息

  • 表格格式
  • 工作单格式
  • 卡片格式
题名:
工商信贷管理学
    
 
作者: ;中国财政经济出版社 编
分册:  
出版信息: 北京   中国财政经济出版社  1982
页数: 190页
开本: 19cm
丛书名:
单 册:
中图分类: F812.2
科图分类:
主题词: 财政
电子资源:
ISBN:
000 00668nam0 2200241 45
001 0182003144
005 20040331145842.7
010    @dCNY0.75
091    @a4166.338
100    @a19950301d1982 em y0chiy0121 ea
101 0  @achi
102    @aCN@b110000
105    @ay z 000yy
106    @ar
200 10 @a工商信贷管理学@Agong shang xin dai guan li xue@f中国财政经济出版社
210    @a北京@c中国财政经济出版社@d1982
215    @a190页@d19cm
606 0  @a财政
690    @aF812.2
711 02 @a中国财政经济出版社@Azhong guo cai zheng jing ji chu ban she@4编
801  0 @aCN@b上海图书馆@c20040331
801  2 @aCN@bNLC@c20040331
905    @f1@b55881@dF812.2@e9
    
    工商信贷管理学/中国财政经济出版社.-北京:中国财政经济出版社,1982
    190页;19cm
    
    
    ISBN :CNY0.75
    
●
相关链接 在E读中查询图书 在五车中查询图书 在当当中查询图书 在豆瓣中查询图书


正题名:工商信贷管理学     索取号:F812.2/9         预约/预借

序号 登录号 条形码 馆藏地/架位号 状态 备注
1 0055881   001925439   密集书库/ [索取号:F812.2/9] 在馆    
2 0055882   000490828   第一样本阅览室/ [索取号:F812.2/9] 在馆    
唐山师范学院图书馆 欢迎您!
大连网信软件有限公司© 版权所有